La restauración. La colección del Museo de Bellas Artes de Valparaíso
Saved in:
| Corporate Author: | |
|---|---|
| Format: | Book |
| Language: | Spanish |
| Published: |
Turín
Compagnia Italiana di Conservazione
2007
|
| Edition: | 1a. ed |
| Subjects: | |
| Tags: |
Add Tag
No Tags, Be the first to tag this record!
|
MARC
| LEADER | 00000nam a2200000 a 4500 | ||
|---|---|---|---|
| 001 | UCG2552 | ||
| 003 | CL-VaPUC | ||
| 008 | 100715e20070000IT |||||||||||||||||spa|d | ||
| 020 | |a 9788890333613 | ||
| 082 | 0 | 4 | |a 702.8 |b COM |2 21 |
| 110 | 2 | |a Compagnia Italiana di Conservazione |e author |9 551015 | |
| 245 | 1 | 3 | |a La restauración. La colección del Museo de Bellas Artes de Valparaíso |
| 250 | |a 1a. ed | ||
| 300 | |a 332 p | ||
| 942 | |c BK | ||
| 945 | |d 20100715 00:00:00 |a cmena | ||
| 260 | |a Turín |b Compagnia Italiana di Conservazione |c 2007 | ||
| 650 | 7 | |a CONSERVACION Y RESTAURACION |2 CL-VaPUC |9 267543 | |
| 650 | 0 | |a Monumentos históricos |9 308710 | |
| 650 | 0 | |a Patrimonio cultural |9 309364 | |
| 650 | 7 | |a REPARACIONES |2 CL-VaPUC |9 435392 | |
| 583 | |a last modification |c 20100715 00:00:00 |k Rodrigo Vera | ||
| 999 | |c 341693 |d 341691 | ||
| 952 | |0 0 |1 0 |4 0 |6 702_800000000000000_COM_2007 |7 0 |8 F |9 437352 |a BIBARQ |b BIBARQ |d 2019-11-22 |i 4680766 |o 702.8 COM 2007 |p 4680766 |r 2025-01-20 |w 2019-11-22 |y BK_F |k ARQ | ||